000 00992nam a22002657a 4500
003 DO-SdBNP
005 20240503073631.0
007 ta
008 230321b1--- dr a|||| |||| 00| 0 spa d
040 _aDO-SdBNP
_bspa
_cDO-SdBNP
_erda
082 4 _a863.3
_bC419i
_222
100 1 _aCervantes Saavedra, Miguel de,
_d1547-1616
_eautor
_93070
245 1 3 _aEl ingenioso hidalgo Don Quijote de la Mancha /
_ccompuesto por Miguel de Cervantes Saavedra ; [ilustrado por el reputado dibujante José Passos].
264 _aBarcelona :
_bA López Robert impresor,
_c1---?
300 _avolumen :
_bilustraciones ;
_c11 cm.
336 _2rdacontent
_atexto
_btxt
337 _2rdamedia
_asin mediación
_bn
338 _2rdacarrier
_avolumen
_bnc
590 _aInventariado, 2023/BT
650 4 _aNovela española
_91123
650 4 _aLiteratura española
_9632
700 1 _aPassos, José,
_d(1862-1928),
_eilustraciones
_983209
910 _aBtavárez/Validado. Control de calidad MFF
942 _2ddc
_cLBS1
999 _c53162
_d53162